| 000 | 00704nam a2200193 i 4500 | ||
|---|---|---|---|
| 001 | 186033 | ||
| 003 | ES-MaACL | ||
| 005 | 20250730025327.0 | ||
| 008 | 160905s1943 sp |||| | spa d | ||
| 100 | 1 |
_aIzquierdo Laguna, Silvano. _9160714 |
|
| 245 | 1 | 0 |
_aHistoria de la tuberculosis / _cpor el Dr. Silvano Izquierdo Laguna. |
| 260 |
_aBilbao : _bImp. Edit. Moderna, _c1943. |
||
| 300 |
_a104 p. ; _c23 cm. |
||
| 490 | 1 |
_aMonografías de tuberculosis y enfermedades del aparato respiratorio ; _v1 |
|
| 650 | 0 | 7 |
_aTuberculosis _2embne _917658 |
| 830 | 0 |
_aMonografías de tuberculosis y enfermedades del aparato respiratorio ; _v1 _9192463 |
|
| 852 |
_aES-MaACL _jE-4687 |
||
| 999 |
_c186033 _d186033 |
||